| 000 | 00671 a2200229 4500 | ||
|---|---|---|---|
| 005 | 20260409164616.0 | ||
| 008 | 260409b |||||||| |||| 00| 0 eng d | ||
| 020 | _a9789390887828 (hbk) | ||
| 037 | _cTB | ||
| 040 |
_aCRL _cCRL |
||
| 041 |
_2URD _aURD |
||
| 084 |
_aU8 168R1 _qCRL |
||
| 100 |
_aJaved Danish _91115676 |
||
| 245 | _aAwargi aur mazeed aawargi | ||
| 260 |
_aLucknow, India: _bMatterlink Publishers, _c2021. |
||
| 300 | _a431p. | ||
| 365 |
_b650.00 _cINR |
||
| 650 | _aGeography | ||
| 650 | _aTravel | ||
| 942 |
_cTB _2CC _hU8 168R1 |
||
| 999 |
_c1679592 _d1679592 |
||